5HLuxD.jpg

KING HENRY VIII SENIOR AND PRIMARY SCHOOL LIBRARY OPAC

The cartoon introduction to economics : (Record no. 617)

000 -LEADER
fixed length control field 01402cam a2200337 a 4500
001 - CONTROL NUMBER
control field 00199847
003 - CONTROL NUMBER IDENTIFIER
control field OCoLC
005 - DATE AND TIME OF LATEST TRANSACTION
control field 20190904121608.0
008 - FIXED-LENGTH DATA ELEMENTS--GENERAL INFORMATION
fixed length control field 090423m20109999nyua 000 0 eng
010 ## - LIBRARY OF CONGRESS CONTROL NUMBER
LC control number 2009015727
020 ## - INTERNATIONAL STANDARD BOOK NUMBER
International Standard Book Number 9780809094813
Qualifying information (pbk., v.1)
020 ## - INTERNATIONAL STANDARD BOOK NUMBER
International Standard Book Number 0809094819 (pbk., v.1)
035 ## - SYSTEM CONTROL NUMBER
System control number UM041634
035 ## - SYSTEM CONTROL NUMBER
System control number (OCoLC)310399412
040 ## - CATALOGING SOURCE
Original cataloging agency NTPU
Transcribing agency KH8
042 ## - AUTHENTICATION CODE
Authentication code nbic
050 00 - LIBRARY OF CONGRESS CALL NUMBER
Classification number HB172
Item number .K67 2010
082 0# - DEWEY DECIMAL CLASSIFICATION NUMBER
Classification number 338 KLE
100 1# - MAIN ENTRY--PERSONAL NAME
Personal name Klein, Grady.
245 14 - TITLE STATEMENT
Title The cartoon introduction to economics :
Remainder of title microeconomics /
Statement of responsibility, etc. by Grady Klein and Yoram Bauman.
250 ## - EDITION STATEMENT
Edition statement 1st Edition
260 ## - PUBLICATION, DISTRIBUTION, ETC.
Place of publication, distribution, etc. New York :
Name of publisher, distributor, etc. Hill and Wang,
Date of publication, distribution, etc. c2010-
300 ## - PHYSICAL DESCRIPTION
Extent v. :
Other physical details chiefly ill. ;
Dimensions 26 cm.
505 1# - FORMATTED CONTENTS NOTE
Miscellaneous information v. 1.
Title Microeconomics.
520 0# - SUMMARY, ETC.
Summary, etc. Award-winning illustrator Klein has paired up with the economist Bauman to create a clear and humorous introduction to microeconomics. Topics such as supply and demand, decision trees, taxes, auctions, risk investment, game theory, Pareto efficiency, Pareto improvement, marginal analysis, and price elasticity are presented.
650 #0 - SUBJECT ADDED ENTRY--TOPICAL TERM
Topical term or geographic name entry element Microeconomics.
700 1# - ADDED ENTRY--PERSONAL NAME
Personal name Bauman, Yoram.
856 42 - ELECTRONIC LOCATION AND ACCESS
Materials specified Contributor biographical information
Uniform Resource Identifier <a href="http://catdir.loc.gov/catdir/enhancements/fy1101/2009015727-b.html">http://catdir.loc.gov/catdir/enhancements/fy1101/2009015727-b.html</a>
856 42 - ELECTRONIC LOCATION AND ACCESS
Materials specified Publisher description
Uniform Resource Identifier <a href="http://catdir.loc.gov/catdir/enhancements/fy1101/2009015727-d.html">http://catdir.loc.gov/catdir/enhancements/fy1101/2009015727-d.html</a>
942 ## - ADDED ENTRY ELEMENTS (KOHA)
Source of classification or shelving scheme
Koha item type Books - Non Ficton
Holdings
Withdrawn status Lost status Source of classification or shelving scheme Damaged status Not for loan Collection code Permanent Location Current Location Shelving location Date acquired Total Checkouts Full call number Barcode Date last seen Date last checked out Price effective from Koha item type
          Non-Fiction KH8 Senior School Library KH8 Senior School Library Non Fiction 2019-09-04 1 338 KLE 3KHSL000101322 2024-07-24 2019-09-30 2019-09-04 Books - Non Ficton

Powered By KH8 IT Dept